000 01479nam a2200325 a 4500
001 BRCA_1159
005 20190320203316.0
008 931021s1990 mx-a---##b---#100-0#spa-#
020 _a9683617239
040 _aDLC
_cDLC
050 4 _aNB1910
_b.I43 1990
245 1 0 _aImaginería virreinal
_bmemorias de un seminario
_cdirección editorial Gustavo Curiel.
260 _aMéxico
_bUNAM, Instituto de Investigaciones Estéticas
_c[1990]
300 _a156 p.
_bil. (algunas a color)
_c28 cm.
500 _aIncluye catálogo de obra
500 _aIncluye piezas de la colección Franz Mayer : p. [60], 64, [65-66], 75, [76] y 81
500 _aSeminario de Escultura Esplendor Virreinal: Guatemala y México, realizado en Tepozotlán, 1987 organizado por el Instituto de Investigaciones Estéticas y el Museo Nacional del Virreinato
500 _aEstado físico: encuadernado, marzo 2015
504 _aBibliografía : p. 149-152
600 1 4 _aJesucristo
_xArte
_92253
600 1 4 _aVirgen María en el arte
_vCongresos
_93830
650 1 4 _aEscultura colonial
_vCongresos
_zMéxico
_93831
650 1 4 _aEscultura mexicana
_vCongresos
_93832
650 1 4 _aEscultura colonial
_vCongresos
_zGuatemala
_93833
650 1 4 _aEscultura guatemalteca
_vCongresos
_93834
650 1 4 _aSantos en el arte
_vCongresos
_93835
700 1 _aCuriel, Gustavo
_92378
711 2 _aSeminario de Escultura Esplendor Virreinal: Guatemala y México
_d1987
_cTepotzotlán, México
_93836
942 _2lcc
_cB
999 _c1036
_d1036